| 000 | 00957nam a22002657a 4500 | ||
|---|---|---|---|
| 005 | 20100604115035.0 | ||
| 008 | 100604t xxu||||| |||| 00| 0 eng d | ||
| 010 | _aENG-96309 | ||
| 020 |
_a019806361X _c445.00 |
||
| 020 |
_a9780198063612 _c445.00 |
||
| 035 | _aEN-79842 | ||
| 037 | _bDBAD/PUB | ||
| 040 |
_aDPL _bEng |
||
| 082 | _a306.810954 | ||
| 100 |
_a Chowdhry, Prem _921674 |
||
| 245 |
_aContentious marriages, eloping couples : _bgender, caste, and patriarchy in Northern India / _cby Prem Chowdhry |
||
| 260 |
_aNew Delhi _bOxford University Press _c2009 |
||
| 270 |
_aYMCA Library Building, Jai Singh Road, _bNew Delhi _e110001 |
||
| 300 |
_ax, 347p. : _c22 cm. (Hbk) |
||
| 500 | _aincludes index | ||
| 650 |
_aElopment _921675 |
||
| 650 |
_aMarriase _921676 |
||
| 942 |
_2ddc _cEN _mCHO _h306.810954 |
||
| 999 |
_c36576 _d36576 |
||